Statystyki dla Quiz geograficzny

Kliknij tutaj aby rozwiązać quiz!

Ogólne statystyki

  • Ten quiz został rozwiązany 325 razy
    (257 od ostatniego zresetowania)
  • Średni wynik to 10 z 15

Statystyki odpowiedzi

ZagadnienieOdpowiedź% Poprawnych
Seul jest stolicąKorei Południowej
94%
Kuba leży na morzuKaraibskim
89%
Caracas jest stolicąWenezueli
83%
Miastem NIE leżącym we Francji jestGirona
80%
Najmniejszym kontynentem świata jestAustralia
77%
Drugim co do wielkości krajem na ziemi jestKanada
76%
Rzeka Żółta mieści się wChinach
73%
Najmłodszym krajem świata jestSudan Południowy
72%
Kraj, który zdobył niepodległość od Pakistanu toBangladesz
61%
Rosja NIE graniczy zUzbekistanem
60%
Rzeka Dunaj NIE przepływa przezWłochy
52%
Największym miastem w Europie jestStambuł
50%
Teren, który był sporem pomiędzy Polską, a Czechosłowacją podczas Dwudziestolecia MiędzywojennegoZaolzie
40%
Wisła leży w województwieŚląskim
37%
Stolicą Stanu Waszyngton jestSeattle
31%

Rozkład punktacji

Percentyl według liczby udzielonych odpowiedzi

Procent ludzi z każdym wynikiem

Twoja historia wyników

Nie rozwiązałeś tego quizu od ostatniego zresetowania